[Event "Europa ch s-18 femenino"]
[Site "Herceg Novi MNT"]
[Date "2008.09.24"]
[Round "9.7"]
[White "Nowak, Malgorzata"]
[Black "Fuchs, Judith"]
[Result "0-1"]
[WhiteElo "2052"]
[BlackElo "2197"]
[PlyCount "58"]
[EventDate "2008.09.15"]
[EventType "swiss"]
[EventRounds "9"]
[Source "lmi"]
[SourceDate "2008.09.15"]

1. d4 Nf6 2. c4 e6 3. Nc3 Bb4 4. Qc2 O-O 5. a3 Bxc3+ 6. Qxc3 Ne4 7. Qc2 f5 8.
Nf3 b6 9. e3 Bb7 10. Bd3 d6 11. O-O Nd7 12. Nd2 Qh4 13. f3 Ng5 14. Rf2 Rf6 15.
Nf1 Rg6 16. Kh1 c5 17. d5 Ne5 18. g3 Qh3 19. e4 Ngxf3 20. Bf4 Nd4 21. Qd1 Nxd3
22. Qxd3 fxe4 23. Qxe4 exd5 24. cxd5 Re6 25. Qg2 Qh5 26. g4 Qxd5 27. Ne3 Rxe3
28. Bxe3 Qxg2+ 29. Rxg2 Nc2 0-1

[Event "Europa ch s-18 femenino"]
[Site "Herceg Novi MNT"]
[Date "2008.09.24"]
[Round "9.8"]
[White "Tsirulnik, Maritsa"]
[Black "Pavlidou, Ekaterini"]
[Result "1/2-1/2"]
[WhiteElo "2110"]
[BlackElo "2034"]
[PlyCount "82"]
[EventDate "2008.09.15"]
[EventType "swiss"]
[EventRounds "9"]
[Source "lmi"]
[SourceDate "2008.09.15"]

1. e4 c5 2. Nf3 e6 3. d4 cxd4 4. Nxd4 Nf6 5. Nc3 Nc6 6. Ndb5 Bb4 7. a3 Bxc3+ 8.
Nxc3 d5 9. exd5 exd5 10. Bd3 O-O 11. O-O d4 12. Ne2 Bg4 13. Bg5 Re8 14. Bh4 Qd6
15. f3 Bh5 16. Bf2 Rad8 17. Re1 Bg6 18. Bxg6 hxg6 19. Qd3 Nd7 20. Rad1 Nde5 21.
Qb5 d3 22. Nc3 Nd4 23. Bxd4 Qxd4+ 24. Kh1 d2 25. Re4 Nc6 26. Rxe8+ Rxe8 27. Ne4
f5 28. c3 Qe3 29. Qd5+ Kh8 30. Qxd2 Qxd2 31. Nxd2 Rd8 32. Kg1 Na5 33. Kf2 Nc4
34. Ke2 Nxb2 35. Rb1 Na4 36. Rc1 Nc5 37. f4 Kg8 38. Rc2 Kf7 39. Nc4 Kf6 40. h4
Ne4 41. Ne5 Rh8 1/2-1/2

[Event "Europa ch s-18 femenino"]
[Site "Herceg Novi MNT"]
[Date "2008.09.24"]
[Round "9.9"]
[White "Mader, Manuela"]
[Black "Dincel, Melodi"]
[Result "1-0"]
[WhiteElo "2155"]
[BlackElo "1845"]
[PlyCount "71"]
[EventDate "2008.09.15"]
[EventType "swiss"]
[EventRounds "9"]
[Source "lmi"]
[SourceDate "2008.09.15"]

1. e4 e6 2. d4 d5 3. exd5 exd5 4. Nf3 Nc6 5. c3 Bd6 6. Bd3 Bg4 7. h3 Bh5 8. O-O
Nge7 9. Re1 Qd7 10. Nbd2 O-O-O 11. b4 Bg6 12. Bf1 Rdg8 13. b5 Nd8 14. Qa4 Kb8
15. c4 dxc4 16. Nxc4 f6 17. Qb3 Bf7 18. Qb2 g5 19. Nfd2 h5 20. Ne4 Rh6 21. b6
axb6 22. Ncxd6 cxd6 23. Qxb6 Nc8 24. Qb2 Rhg6 25. Bd3 f5 26. Ng3 Re6 27. Bd2
Rxe1+ 28. Rxe1 f4 29. Ne4 Qc7 30. Rc1 Qe7 31. Ba5 g4 32. Bc7+ Ka8 33. Qa3+ Na7
34. Bxd6 Qe6 35. d5 Qf5 36. Nf6 1-0

[Event "Europa ch s-18 femenino"]
[Site "Herceg Novi MNT"]
[Date "2008.09.24"]
[Round "9.11"]
[White "Zhorzholiani, Meri"]
[Black "Novosadova, Kristyna"]
[Result "1-0"]
[WhiteElo "2136"]
[BlackElo "2038"]
[PlyCount "53"]
[EventDate "2008.09.15"]
[EventType "swiss"]
[EventRounds "9"]
[Source "lmi"]
[SourceDate "2008.09.15"]

1. Nf3 c5 2. g3 Nc6 3. Bg2 d5 4. d4 e6 5. O-O Nf6 6. c4 dxc4 7. Qa4 Bd7 8. Qxc4
b5 9. Qd3 c4 10. Qd1 Rc8 11. Re1 Be7 12. e4 Nb4 13. Ne5 O-O 14. Nc3 Ne8 15. a3
Na6 16. Be3 Qc7 17. f4 f6 18. Nxd7 Qxd7 19. d5 e5 20. fxe5 fxe5 21. Qh5 Nf6 22.
Bh3 Qc7 23. Qe2 Rb8 24. a4 bxa4 25. Rxa4 Qb7 26. Qxc4 Qxb2 27. d6+ 1-0

[Event "Europa ch s-18 femenino"]
[Site "Herceg Novi MNT"]
[Date "2008.09.24"]
[Round "9.12"]
[White "Vladimirova, Maria"]
[Black "Kasperek, Joanna"]
[Result "1-0"]
[WhiteElo "2009"]
[BlackElo "2041"]
[PlyCount "47"]
[EventDate "2008.09.15"]
[EventType "swiss"]
[EventRounds "9"]
[Source "lmi"]
[SourceDate "2008.09.15"]

1. e4 c5 2. Nf3 e6 3. d4 cxd4 4. Nxd4 a6 5. Nc3 b5 6. Bd3 d6 7. O-O Nf6 8. Qe2
Be7 9. f4 Bb7 10. Kh1 O-O 11. a4 b4 12. Nd1 Nbd7 13. a5 d5 14. e5 Ne4 15. Rf3
Ndc5 16. Rh3 f6 17. Qg4 Kh8 18. f5 fxe5 19. Bxe4 dxe4 20. Qh5 Kg8 21. Qxh7+ Kf7
22. Qg6+ Kg8 23. Rh7 Bf6 24. Qh5 1-0

[Event "Europa ch s-18 femenino"]
[Site "Herceg Novi MNT"]
[Date "2008.09.24"]
[Round "9.13"]
[White "Wierzbicka, Wiktoria"]
[Black "Dudas, Eszter"]
[Result "1/2-1/2"]
[WhiteElo "2033"]
[BlackElo "2108"]
[PlyCount "102"]
[EventDate "2008.09.15"]
[EventType "swiss"]
[EventRounds "9"]
[Source "lmi"]
[SourceDate "2008.09.15"]

1. e4 c5 2. Nf3 e6 3. d4 cxd4 4. Nxd4 a6 5. c4 Qc7 6. Nc3 Nf6 7. Be2 b6 8. Be3
Bb7 9. f3 Bd6 10. g3 h5 11. Qd2 Be7 12. Rc1 d6 13. O-O Nbd7 14. b4 Rc8 15. Rfe1
Qb8 16. Bf1 Bd8 17. Bg5 Bc7 18. Bh3 O-O 19. f4 Bd8 20. Qe2 b5 21. c5 dxc5 22.
Nxe6 Bb6 23. Nxf8 cxb4+ 24. Kf1 Rxf8 25. Nd5 Nxd5 26. exd5 Qd6 27. Bf5 Nf6 28.
Bxf6 Qxf6 29. Qe5 Qxe5 30. Rxe5 Bd4 31. Re4 Bc3 32. Rd1 Rd8 33. Re7 Ba8 34. d6
Kf8 35. Rc7 g6 36. Rc8 Ke8 37. d7+ Ke7 38. Bh3 Bb7 39. Rd3 f5 40. Rxd8 Kxd8 41.
Rd6 a5 42. Rxg6 Be4 43. Ke2 a4 44. Ke3 b3 45. Bf1 Kxd7 46. Bxb5+ Kc7 47. axb3
axb3 48. Bc4 b2 49. Ba2 Bd5 50. Bb1 Be4 51. Ba2 Bd5 1/2-1/2

[Event "Europa ch s-18 femenino"]
[Site "Herceg Novi MNT"]
[Date "2008.09.24"]
[Round "9.15"]
[White "Dirksen, Marieke"]
[Black "Mareckova, Martina"]
[Result "1/2-1/2"]
[WhiteElo "1933"]
[BlackElo "2042"]
[PlyCount "93"]
[EventDate "2008.09.15"]
[EventType "swiss"]
[EventRounds "9"]
[Source "lmi"]
[SourceDate "2008.09.15"]

1. e4 e5 2. Nf3 Nc6 3. Bb5 a6 4. Ba4 d6 5. O-O Bg4 6. h3 h5 7. d3 b5 8. Bb3 Nd4
9. hxg4 Nxb3 10. axb3 hxg4 11. Ng5 Qd7 12. d4 f6 13. dxe5 fxg5 14. Qd5 c6 15.
e6 cxd5 16. exd7+ Kxd7 17. exd5 Be7 18. c4 Nf6 19. g3 Rh5 20. Kg2 Rah8 21. Rg1
Rh2+ 22. Kf1 Ne4 23. Be3 Rf8 24. Rg2 Rh1+ 25. Rg1 Nxg3+ 26. Kg2 Rxg1+ 27. Kxg1
Ne2+ 28. Kg2 bxc4 29. bxc4 Rb8 30. Nc3 Rxb2 31. Nxe2 Rxe2 32. Rxa6 Bf6 33. Ra7+
Ke8 34. Kg3 Re1 35. Kxg4 g6 36. Kf3 Rg1 37. Ke2 Rb1 38. c5 dxc5 39. d6 Rb8 40.
d7+ Ke7 41. Bxc5+ Ke6 42. Ra6+ Kf7 43. Ra7 Ke6 44. Ra6+ Kf7 45. Rd6 Be7 46. Rd5
Bd8 47. Be3 1/2-1/2

[Event "Europa ch s-18 femenino"]
[Site "Herceg Novi MNT"]
[Date "2008.09.24"]
[Round "9.16"]
[White "Chierici, Marianna"]
[Black "Kirpichenko, Ekaterina"]
[Result "1-0"]
[WhiteElo "2037"]
[BlackElo "2026"]
[PlyCount "119"]
[EventDate "2008.09.15"]
[EventType "swiss"]
[EventRounds "9"]
[Source "lmi"]
[SourceDate "2008.09.15"]

1. e4 c5 2. c3 d5 3. exd5 Qxd5 4. d4 e6 5. Nf3 Nf6 6. Na3 cxd4 7. Nb5 Na6 8.
Nbxd4 Be7 9. Qc2 O-O 10. Be2 Nc5 11. O-O Bd6 12. Rd1 Bb8 13. b4 Nce4 14. c4 Qd6
15. Bd3 e5 16. c5 Qc7 17. Bxe4 exd4 18. Rxd4 Nxe4 19. Qxe4 Bd7 20. Qd3 Bc6 21.
Rh4 f5 22. Bb2 Bxf3 23. Qxf3 a5 24. Qb3+ Qf7 25. Qh3 h6 26. b5 Bc7 27. Qc3 Qg6
28. Qf3 b6 29. c6 Rad8 30. Qb3+ Kh7 31. Rh3 Rfe8 32. Re3 Qh5 33. g3 Rxe3 34.
Qxe3 Rd1+ 35. Kg2 Rxa1 36. Bxa1 Qf7 37. Qd3 Qe6 38. Qd4 Qe7 39. Qd5 Kg6 40. Qd3
h5 41. Bc3 Qe6 42. Qd4 Qe7 43. Kg1 Qf7 44. a4 Qe7 45. Qe3 Qxe3 46. fxe3 Kf7 47.
Kf2 g5 48. h4 g4 49. Bd4 Ke6 50. Bg7 Kd5 51. Bh6 Kc5 52. Bf4 Bd8 53. c7 Bxc7
54. Bxc7 Kb4 55. Bxb6 Kxa4 56. e4 fxe4 57. Ke3 Kxb5 58. Bxa5 Kxa5 59. Kxe4 Kb5
60. Kf5 1-0

[Event "Europa ch s-18 femenino"]
[Site "Herceg Novi MNT"]
[Date "2008.09.24"]
[Round "9.17"]
[White "Manyoki, Anna"]
[Black "Braggaar, Leonore"]
[Result "1/2-1/2"]
[WhiteElo "2053"]
[BlackElo "1967"]
[PlyCount "99"]
[EventDate "2008.09.15"]
[EventType "swiss"]
[EventRounds "9"]
[Source "lmi"]
[SourceDate "2008.09.15"]

1. e4 e5 2. Nf3 Nc6 3. Bb5 a6 4. Ba4 Nf6 5. d4 b5 6. Bb3 Nxd4 7. Nxd4 exd4 8.
e5 Qe7 9. O-O Ng8 10. Bg5 Qxg5 11. Qf3 Bc5 12. Bxf7+ Ke7 13. Qxa8 Nh6 14. Bb3
c6 15. e6 Nf5 16. exd7 Kxd7 17. Qb8 Re8 18. Na3 Bd6 19. Qa7+ Kd8 20. Rae1 Rxe1
21. Rxe1 Qd2 22. Rf1 Qe2 23. g3 Nh4 24. Qb6+ Kd7 25. Qa7+ Kd8 26. Qb6+ Ke7 27.
Qa7+ Bd7 28. gxh4 Qg4+ 29. Kh1 Qxh4 30. f4 Bxf4 31. Qc5+ Ke8 32. Rxf4 Qxf4 33.
Qh5+ Kd8 34. Kg2 Bg4 35. Qh4+ g5 36. Qg3 Qe4+ 37. Kg1 Kd7 38. Nb1 Qe2 39. Qf2
Qe5 40. Nd2 c5 41. c4 dxc3 42. bxc3 Qxc3 43. Qf7+ Kd8 44. Qg8+ Kc7 45. Qxg5 h5
46. Qf4+ Kd7 47. Qf7+ Kd8 48. Qf8+ Kd7 49. Qf7+ Kd8 50. Qf8+ 1/2-1/2

[Event "Europa ch s-18 femenino"]
[Site "Herceg Novi MNT"]
[Date "2008.09.24"]
[Round "9.23"]
[White "Aggeli, Eleni"]
[Black "Vasile, Teodora"]
[Result "1/2-1/2"]
[WhiteElo "1856"]
[BlackElo "1932"]
[PlyCount "53"]
[EventDate "2008.09.15"]
[EventType "swiss"]
[EventRounds "9"]
[Source "lmi"]
[SourceDate "2008.09.15"]

1. e4 e5 2. Nf3 d6 3. d4 Nf6 4. dxe5 Nxe4 5. Qd5 Nc5 6. Bg5 Qd7 7. exd6 Bxd6 8.
Nc3 Qe6+ 9. Qxe6+ Bxe6 10. Nb5 Ne4 11. Bd3 Nxg5 12. Nxg5 h6 13. Nxd6+ cxd6 14.
Ne4 Ke7 15. O-O-O Nc6 16. a3 Rhd8 17. Rhe1 a6 18. f4 b5 19. h3 Kd7 20. g4 Kc7
21. f5 Bc4 22. Bxc4 bxc4 23. Rd5 Rd7 24. Red1 Rad8 25. Nc3 Re8 26. Na4 Re5 27.
Nc3 1/2-1/2

[Event "Europa ch s-18 femenino"]
[Site "Herceg Novi MNT"]
[Date "2008.09.24"]
[Round "9.24"]
[White "Vartic, Irina"]
[Black "Di Cerbo, Giulia"]
[Result "1/2-1/2"]
[WhiteElo "1836"]
[BlackElo "1795"]
[PlyCount "35"]
[EventDate "2008.09.15"]
[EventType "swiss"]
[EventRounds "9"]
[Source "lmi"]
[SourceDate "2008.09.15"]

1. e4 e6 2. d4 d5 3. Nd2 Nf6 4. e5 Nfd7 5. Bd3 c5 6. c3 Nc6 7. Ne2 cxd4 8. cxd4
Qb6 9. Nf3 f6 10. exf6 Nxf6 11. O-O Bd6 12. a3 O-O 13. Qc2 Qc7 14. Bg5 h6 15.
Bh4 Nh5 16. Bg6 Nf4 17. Nxf4 Bxf4 18. Bg3 1/2-1/2

[Event "Europa ch s-18 femenino"]
[Site "Herceg Novi MNT"]
[Date "2008.09.24"]
[Round "9.27"]
[White "Farevaag, Evy"]
[Black "Chiarion, Elisa"]
[Result "1-0"]
[WhiteElo "1771"]
[BlackElo "1897"]
[PlyCount "105"]
[EventDate "2008.09.15"]
[EventType "swiss"]
[EventRounds "9"]
[Source "lmi"]
[SourceDate "2008.09.15"]

1. d4 d5 2. e3 c5 3. c3 Nf6 4. Bd3 Nc6 5. f4 Bg4 6. Nf3 e6 7. O-O Bd6 8. Nbd2
O-O 9. Qe1 Bf5 10. Bxf5 exf5 11. Ne5 Re8 12. Qg3 Qb6 13. Qh3 cxd4 14. cxd4 Nxd4
15. exd4 Bxe5 16. fxe5 Qxd4+ 17. Kh1 Ng4 18. Qg3 Ne3 19. Qf2 Qb6 20. Rg1 Ng4
21. Qxb6 axb6 22. Rf1 Ne3 23. Rf2 Nc2 24. Rb1 Rxa2 25. Nb3 Nb4 26. Be3 Nd3 27.
Rd2 Nxe5 28. Rxd5 Nc4 29. Bf2 Nxb2 30. Rd2 Ra4 31. Rdxb2 Rae4 32. h3 h6 33. Nd2
R4e7 34. Bxb6 Rd7 35. Nf3 Re4 36. Bf2 Ree7 37. Bg3 f6 38. Ne1 Kh7 39. Rb3 h5
40. Nd3 Kh6 41. Nc5 Rd2 42. Rxb7 Rxb7 43. Rxb7 Re2 44. Rb6 Rc2 45. Rb5 Re2 46.
Nb3 Kg5 47. Nd4 Re4 48. Nxf5 Kg6 49. Bd6 Re8 50. Nh4+ Kh6 51. Rb7 Rg8 52. Nf5+
Kg5 53. Nxg7 1-0